The Cinema of Mika Kaurismäki (Record no. 66099)

MARC details
000 -LEADER
fixed length control field 01698nam a2200265Ii 4500
003 - CONTROL NUMBER IDENTIFIER
control field URS
005 - DATE AND TIME OF LATEST TRANSACTION
control field 20230602104351.0
008 - FIXED-LENGTH DATA ELEMENTS--GENERAL INFORMATION
fixed length control field 221202s xx 000 0 und d
040 ## - CATALOGING SOURCE
Transcribing agency URS
100 1# - MAIN ENTRY--PERSONAL NAME
Personal name Kääpä, Pietari,
Relator term author
245 #4 - TITLE STATEMENT
Title The Cinema of Mika Kaurismäki
246 ## - VARYING FORM OF TITLE
Title proper/short title Transvergent Cinescapes, Emergent Identities
264 #1 - PRODUCTION, PUBLICATION, DISTRIBUTION, MANUFACTURE, AND COPYRIGHT NOTICE
Place of production, publication, distribution, manufacture Bristol
Name of producer, publisher, distributor, manufacturer Intellect
Date of production, publication, distribution, manufacture, or copyright notice 2011
300 ## - PHYSICAL DESCRIPTION
Extent 1 online resource
336 ## - CONTENT TYPE
Content type term text
Content type code txt
Source rdacontent
337 ## - MEDIA TYPE
Media type term computer
Media type code c
Source rdamedia
338 ## - CARRIER TYPE
Carrier type term online resource
Carrier type code cr
Source rdacarrier
520 ## - SUMMARY, ETC.
Summary, etc. Mika Kaurismäki’s films challenge many boundaries : national societies, genre formations, art/popular culture, fiction/documentary, humanity/nature and problematic distinctions between different zones of development. Synthesizing concepts from a range of thematic frameworks : e.g. auteurism, eco-philosophy, genre, cartography, cineaste networks, global reception, distribution and exhibition practices, and the potential of postnationalism : this book provides an interdisciplinary reading of Kaurismäki’s cinema. The notion of ‘transvergence’ : of thinking in heterogeneous and polyphonal terms : emerges as an analytical method for exploring the power of these films. Through this, the volume encourages rethinking transnational cinema studies in relation to many oft-debated notions such as Finnish culture, European identity, cosmopolitanism and globalization.
653 ## - INDEX TERM--UNCONTROLLED
Uncontrolled term Auteurism
653 ## - INDEX TERM--UNCONTROLLED
Uncontrolled term Film Studies
653 ## - INDEX TERM--UNCONTROLLED
Uncontrolled term Media & Communications
653 ## - INDEX TERM--UNCONTROLLED
Uncontrolled term Transnational
856 ## - ELECTRONIC LOCATION AND ACCESS
Uniform Resource Identifier <a href="https://library.oapen.org/bitstream/20.500.12657/30028/1/650068.pdfhttp://library.oapen.org/handle/20.500.12657/30028">https://library.oapen.org/bitstream/20.500.12657/30028/1/650068.pdfhttp://library.oapen.org/handle/20.500.12657/30028</a>
942 ## - ADDED ENTRY ELEMENTS (KOHA)
Koha item type E-Book
Source of classification or shelving scheme Library of Congress Classification
Holdings
Withdrawn status Damaged status Not for loan Home library Current library Date acquired Total Checkouts Date last seen Price effective from Koha item type
      Directory of Open Access Books Directory of Open Access Books 11/28/2022   11/28/2022 11/28/2022 E-Book

University of Rizal System
Email us at univlibservices@urs.edu.ph

Visit our Website www.urs.edu.ph/library